Выбор и обоснование технологий очистки призабойной зоны пласта в различных геолого-технических условиях на месторождениях Западной Сибири; Проблемы геологии и освоения недр; Т. 2

Manylion Llyfryddiaeth
Parent link:Проблемы геологии и освоения недр=Problems of Geology and Subsurface Development: труды XXIV Международного симпозиума имени академика М. А. Усова студентов и молодых учёных, посвященного 75-летию Победы в Великой Отечественной войне, Томск, 6-10 апреля 2020 г./ Национальный исследовательский Томский политехнический университет, Инженерная школа природных ресурсов ; гл. ред. А. С. Боев ; под ред. Е. Ю. Пасечник.— , 2020
Т. 2.— 2020.— [С. 163-165]
Prif Awdur: Шефер Е. А.
Awdur Corfforaethol: Национальный исследовательский Томский политехнический университет Инженерная школа природных ресурсов Отделение нефтегазового дела
Awduron Eraill: Максимова Ю. А. Юлия Анатольевна (научный руководитель)
Crynodeb:Заглавие с экрана
Iaith:Rwseg
Cyhoeddwyd: 2020
Cyfres:Современные технологии разработки нефтяных и газовых месторождений
Pynciau:
Mynediad Ar-lein:http://earchive.tpu.ru/handle/11683/62948
Fformat: Electronig Pennod Llyfr
KOHA link:https://koha.lib.tpu.ru/cgi-bin/koha/opac-detail.pl?biblionumber=631470

MARC

LEADER 00000naa2a2200000 4500
001 631470
005 20231101133649.0
035 |a (RuTPU)RU\TPU\conf\33171 
035 |a RU\TPU\conf\33160 
090 |a 631470 
100 |a 20200904d2020 k y0rusy50 ca 
101 0 |a rus 
102 |a RU 
105 |a y z 100zy 
135 |a drgn ---uucaa 
181 0 |a i  
182 0 |a b 
200 1 |a Выбор и обоснование технологий очистки призабойной зоны пласта в различных геолого-технических условиях на месторождениях Западной Сибири  |f Е. А. Шефер  |g науч. рук. Ю. А. Максимова 
203 |a Текст  |c электронный 
225 1 |a Современные технологии разработки нефтяных и газовых месторождений 
230 |a 1 компьютерный файл (pdf; 1 276 Kb) 
300 |a Заглавие с экрана 
320 |a [Библиогр.: с. 165 (3 назв.)] 
461 1 |0 (RuTPU)RU\TPU\conf\32983  |t Проблемы геологии и освоения недр  |l Problems of Geology and Subsurface Development  |o труды XXIV Международного симпозиума имени академика М. А. Усова студентов и молодых учёных, посвященного 75-летию Победы в Великой Отечественной войне, Томск, 6-10 апреля 2020 г.  |o в 2 т.  |f Национальный исследовательский Томский политехнический университет, Инженерная школа природных ресурсов ; гл. ред. А. С. Боев ; под ред. Е. Ю. Пасечник  |d 2020 
463 1 |0 (RuTPU)RU\TPU\conf\32985  |t Т. 2  |v [С. 163-165]  |d 2020 
610 1 |a труды учёных ТПУ 
610 1 |a электронный ресурс 
610 1 |a очистка 
610 1 |a призабойные зоны 
610 1 |a пласты 
610 1 |a геолого-технические условия 
610 1 |a месторождения 
610 1 |a Западная Сибирь 
610 1 |a скважины 
610 1 |a продуктивность 
700 1 |a Шефер  |b Е. А. 
702 1 |a Максимова  |b Ю. А.  |c специалист в области нефтепромыслового оборудования  |c старший преподаватель Томского политехнического университета  |f 1979-  |g Юлия Анатольевна  |2 stltpush  |4 727 
712 0 2 |a Национальный исследовательский Томский политехнический университет  |b Инженерная школа природных ресурсов  |b Отделение нефтегазового дела  |h 8084  |2 stltpush  |3 (RuTPU)RU\TPU\col\23546 
801 2 |a RU  |b 63413507  |c 20200925  |g RCR 
856 4 |u http://earchive.tpu.ru/handle/11683/62948 
942 |c BK